[Event "3rd Sharjah Masters 2019"]
[Site "Sharjah"]
[Date "2019.03.24"]
[Round "3.4"]
[White "Nasanjargal, Urtnasan"]
[Black "Maghsoodloo, Parham"]
[Result "1/2-1/2"]
[WhiteElo "2503"]
[BlackElo "2673"]
[Annotator "TA"]
[PlyCount "184"]
[EventDate "2019.03.22"]
[EventType "swiss"]
[EventCountry "UAE"]
[SourceTitle "playchess.com"]
[Source "ChessBase"]
[SourceQuality "1"]

{[%evp 9,184,43,47,35,40,31,31,16,40,30,44,12,13,14,36,8,27,0,0,-7,-3,-38,4,4,13,-20,-4,0,0,-9,-8,-8,0,-16,-10,-28,-12,-38,0,-27,-27,-30,-22,-22,-10,-68,-16,-89,-95,-69,0,-109,0,0,0,0,0,0,0,0,0,0,0,0,0,0,0,0,0,0,0,0,0,0,0,-8,-8,-50,-50,-45,0,0,0,0,0,0,8,8,8,0,0,-268,-243,-29980,0,-114,-114,-551,-145,-136,-8,-8,-8,-19,-19,-19,-31,-32,-69,-71,-8,-8,-8,-108,-108,-121,-123,-759,-632,-2812,-1749,-2098,-1725,-923,-135,-1374,-1052,-1893,-1830,-1813,-1755,-1767,-1569,-1598,-1526,-1275,-1196,-721,-144,-141,-10,-11,-11,-11,-12,-39,-59,-59,0,0,0,-8,-8,-8,-8,-8,-8,-8,-8,-8,-8,-8,-8,-8,-8,-8,-8,-8,-8,-8,0,0,0,0,8,8,8]} 1. Nf3 d6 2. e4 Nf6 3. Nc3 g6 4. d4 Nc6 5. d5 Nb8 6. h3 {B00: Queen's Fianchetto Defence, Nimzowitsch Defence} Bg7 7. Be3 (7. Bc4 O-O 8. O-O a6 9. a4 e5 10. dxe6 Bxe6 11. Bxe6 fxe6 12. e5 dxe5 13. Nxe5 Qxd1 14. Nxd1 {½-½ (31) Aronian,L (2765)-Zubov,A (2597) St Petersburg 2018}) 7... O-O 8. Be2 {White is slightly better.} e5 9. O-O c6 $146 ({Predecessor:} 9... Nbd7 10. a4 a5 11. Nd2 Nc5 12. Bxc5 dxc5 13. Nc4 Ne8 14. Nb5 Bd7 15. c3 b6 16. b4 axb4 17. cxb4 cxb4 {½-½ (26) Rozentalis,E (2607)-Hillarp Persson,T (2529) Gothenburg 2013}) 10. a4 cxd5 11. exd5 Na6 12. Nb5 Nb4 13. c4 a5 14. Ne1 b6 15. Nc2 Nxc2 16. Qxc2 Ba6 17. b4 axb4 18. Qb3 Bxb5 19. cxb5 Ne4 20. Qxb4 f5 21. Ra3 Nc5 22. Rb1 e4 23. Qc4 Rc8 24. a5 bxa5 25. b6 Nb7 26. Qa4 f4 27. Bd4 (27. Bd2 $11) 27... f3 (27... Bxd4 $15 28. Qxd4 f3 $1 {[%mdl 512]}) 28. Bf1 (28. Bxg7 $11 Kxg7 29. Bf1) 28... Bxd4 $17 29. Qxd4 Nc5 (29... fxg2 $15 30. Bxg2 Rc2) 30. g3 (30. Rxa5 $11 fxg2 31. Bxg2) 30... Rb8 (30... a4 $17 31. h4 Qd7) 31. Rxa5 $11 Rxb6 {[#]} 32. Ra7 $3 {[%csl Ga7][%cal Rd4g7][%mdl 512]} Rf7 33. Rxf7 Kxf7 34. Rxb6 Qxb6 35. Qh8 Qb7 36. Qxh7+ Kf6 37. Qh8+ Qg7 38. Qd8+ Qe7 39. Qh8+ Kf7 40. Bb5 Qf6 41. Qh7+ Qg7 42. Be8+ Kf6 43. Qh4+ $1 g5 44. Qh5 Ke7 45. Bb5 Kf6 46. Kh2 Ke5 47. h4 Kxd5 48. hxg5 Ne6 49. Qe8 Qxg5 50. Bc6+ $2 {[%mdl 8192]} (50. Qc6+ $11 Ke5 51. Qc3+ Kf5 52. Bf1) 50... Ke5 $19 {( -> ...Qh6+)} 51. Bd7 $2 (51. Bb5 $19) 51... Qf6 $2 (51... Qh6+ {mates} 52. Kg1 Qh3 53. Qxe6+ Qxe6 54. Bxe6 Kxe6 55. g4 d5 56. Kh2 d4 57. g5 Kf5 58. Kg1 d3 59. g6 Kxg6 60. Kh1 Kg5 61. Kg1 d2 62. Kh1 d1=Q+ 63. Kh2 Qf1 64. Kg3 Qg2#) 52. Qh5+ (52. Kg1 $11) 52... Kd4 $1 $17 53. Bc6 $2 {[%mdl 8192]} (53. Bxe6 $17 {was the crucial defense.} Qxe6 54. Qg5) 53... Qg5 $2 (53... Ng5 $19 {is more deadly.} 54. Qg4 d5) 54. Qh7 Nc5 (54... d5 $17 55. Qa7+ Ke5 56. Qb8+ Kf6 57. Qh8+ Qg7) 55. Qh8+ $11 Qe5 56. Qh6 Kc4 57. Qc1+ Qc3 58. Qf1+ $1 Kd4 59. Qd1+ Qd3 ({Better is} 59... Nd3 $1 $17 60. Qa4+ Qb4 61. Qa7+ Nc5) 60. Qa1+ Kc4 {Threatening ...Qc2.} 61. Qa2+ (61. Qc1+ $1 $11 {keeps the balance.} Kb4 62. Qe1+ Kb3 63. Qc1) 61... Kc3 $1 $17 {And now ...Qf1 would win.} 62. Qa1+ Kd2 63. Qb2+ $2 {[%mdl 8192]} (63. g4 $17) 63... Qc2 64. Qxc2+ Kxc2 $19 {[%mdl 4096] Endgame KB-KN} 65. g4 Kd3 66. Kg3 Kd4 $2 (66... Ne6 $19 {and Black stays clearly on top.} 67. Bb7 Kd4) 67. Kf4 $2 {[%mdl 8192]} (67. g5 $17) 67... Nd3+ 68. Kf5 Nxf2 69. g5 d5 {aiming for ...Nd3.} 70. g6 Nd3 {...f2 is the strong threat.} 71. g7 f2 72. g8=Q f1=Q+ 73. Ke6 Nc5+ $2 (73... Qh3+ $19 74. Kd6 Qh2+ 75. Kd7 Ne5+ 76. Kc7 Qa2 77. Qg1+ e3) 74. Ke7 $17 {[#]} Qf5 (74... Qc4 $1 $17 75. Qh8+ Kd3) 75. Qg1+ $11 e3 76. Qa1+ Ke4 77. Qh1+ Kf4 (77... Kd4 $2 78. Qa1+ Ke4 79. Qh1+ Kf4 80. Qh2+ Kf3 {[#]} 81. Bxd5+ $1 {[%mdl 512]} Ne4 82. Qh1+ Kf4 83. Qh4+ Ke5 84. Bc4 $19) 78. Qh2+ Ke4 (78... Kf3 $15 79. Bxd5+ Ne4 80. Qh1+ Kf4 81. Qh2+ Ng3 82. Qh4+ Qg4 83. Qxg4+ Kxg4) 79. Qh1+ $1 {The position is equal.} Kd4 80. Qa1+ Kc4 (80... Ke4 $2 81. Qh1+ $19) 81. Qc1+ Kb4 82. Qxe3 {Threatens to win with Qd4+.} Nb3 {Strongly threatening ...d4.} 83. Qb6+ Kc3 {Hoping for ...d4.} 84. Qe3+ Kb2 {White must now prevent ...d4.} 85. Qe2+ Kc1 {next ...Qh7+ is good for Black.} 86. Qe3+ ({Much worse is} 86. Ba4 Qg5+ 87. Ke8 Nd2 $17) 86... Kc2 (86... Kb2 $5 87. Qe2+ $8 Kc3 88. Qe3+ Kc2 $11) 87. Kd6 Qf6+ 88. Kxd5 Qd8+ 89. Kc4 $132 {[%mdl 2048] White puts up resistance} Qg8+ 90. Bd5 Qc8+ 91. Kb4 Qc5+ 92. Qxc5+ Nxc5 {Accuracy: White = 36%, Black = 44%.} 1/2-1/2

[Event "3rd Sharjah Masters 2019"]
[Site "Sharjah"]
[Date "2019.03.24"]
[Round "3.5"]
[White "Karthik, Venkataraman"]
[Black "Iturrizaga Bonelli, Eduardo"]
[Result "0-1"]
[WhiteElo "2494"]
[BlackElo "2639"]
[Annotator "TA"]
[PlyCount "86"]
[EventDate "2019.03.22"]
[EventType "swiss"]
[EventCountry "UAE"]
[SourceTitle "playchess.com"]
[Source "ChessBase"]
[SourceQuality "1"]

{[%evp 11,86,18,20,8,41,14,13,0,0,0,0,0,0,0,11,0,-7,-29,-2,-40,-38,-108,-105,-128,-129,-135,-120,-182,-93,-105,-31,-106,-2,-85,-70,-147,-110,-378,-136,-135,-158,-214,-212,-310,-318,-339,-322,-344,-293,-672,-492,-495,-485,-486,-485,-492,-498,-460,-470,-489,-397,-774,-708,-29970,-5122,-5122,-621,-1237,-1192,-1087,-787,-697,-654,-1062,-1062,-1144,-837]} 1. e4 c6 2. d4 d5 3. exd5 cxd5 4. Bd3 Nc6 5. c3 Qc7 6. h3 g6 7. Nf3 {B13: Caro-Kann: Exchange Variation and Panov-Botvinnik Attack} (7. Qc2 f6 8. Ne2 e5 9. O-O Nge7 10. dxe5 fxe5 11. c4 e4 12. Bxe4 dxe4 13. Nbc3 Bg7 14. Nd5 Qd6 {0-1 (29) Aronian,L (2767)-Howell,D (2685) Caleta 2019}) 7... Bg7 8. Qc2 Nh6 $146 ({Predecessor:} 8... Nf6 9. O-O O-O 10. Re1 Nh5 11. a4 e5 12. dxe5 Nxe5 13. Nxe5 Bxe5 14. Bh6 Re8 {1-0 (29) Zaza,A (1834)-Maziukas,K (1596) Prague 2016}) 9. Bxh6 {The position is equal.} Bxh6 10. O-O O-O 11. Re1 Bd7 12. Nbd2 Rae8 13. Qb3 e6 14. h4 Kg7 15. g3 f6 16. h5 (16. Nf1 $15) 16... g5 {Hoping for ...g4.} 17. Nh2 {[#]} g4 $1 {[%mdl 512]} 18. Qd1 (18. Nxg4 Bxd2) 18... f5 19. Nb3 (19. Bb5 $17 {was called for.}) 19... Bc8 ({Black should play} 19... e5 $19 {Strongly threatening ...e4.} 20. dxe5 Nxe5) 20. Bb5 $17 Qf7 ({Black should try} 20... Re7 $17) 21. f3 (21. Bxc6 $15 bxc6 22. Na5) 21... gxf3 ({Resist} 21... Qxh5 22. f4 $15) (21... e5 $17 {aiming for ...f4.} 22. dxe5 f4) 22. Qxf3 (22. Nxf3 $11 Qxh5 23. Bxc6 bxc6 24. Ne5) 22... Kh8 23. Kh1 (23. Nc5 $15) 23... Rg8 24. c4 $2 {[%mdl 8192] [#]} (24. Nc5 $17) 24... Bd7 $2 (24... dxc4 $19 25. Bxc4 Nb4) 25. cxd5 exd5 26. Bd3 (26. Rxe8 $17 {is a better defense.} Rxe8 27. Rf1) 26... Ref8 $19 27. Rf1 (27. Rad1 $142) 27... Qg7 28. Bb5 Qxg3 29. Nc5 Be8 ({Inferior is} 29... Nxd4 30. Qxg3 Rxg3 31. Bxd7 $16) 30. Nxb7 $2 (30. Qxg3 Rxg3 31. Rae1 Bxh5 32. Nd7) 30... Nxd4 31. Qxg3 Rxg3 32. Bxe8 Rxe8 33. Rae1 Rxe1 34. Rxe1 Be3 35. Nd6 Kg7 36. Rd1 $2 (36. Ne8+ Kh6 37. Nc7) 36... Kf6 37. Nf1 Rg1+ 38. Kh2 {Black is clearly winning.} Bf2 (38... Nf3+ $142 39. Kh3 Bf4 40. Nxf5 Kxf5 41. Rxd5+ Ne5) 39. b4 Ke5 40. Nf7+ Ke6 41. Nd8+ Kf6 42. Kh3 Ne2 43. Nc6 Bg3 {Accuracy: White = 14%, Black = 54%.} 0-1

[Event "3rd Sharjah Masters 2019"]
[Site "Sharjah"]
[Date "2019.03.24"]
[Round "3.6"]
[White "Ganguly, Surya Shekhar"]
[Black "Lorparizangeneh, Shahin"]
[Result "1/2-1/2"]
[WhiteElo "2633"]
[BlackElo "2493"]
[Annotator "TA"]
[PlyCount "131"]
[EventDate "2019.03.22"]
[EventType "swiss"]
[EventCountry "UAE"]
[SourceTitle "playchess.com"]
[Source "ChessBase"]
[SourceQuality "1"]

{[%evp 18,130,37,26,46,33,92,43,50,45,45,35,55,32,42,11,31,39,37,45,113,0,0,0,35,19,23,41,8,16,24,0,23,-5,30,4,0,0,0,-42,-20,-33,0,0,0,0,0,0,0,0,0,0,0,0,0,0,0,0,0,0,0,0,0,0,0,0,0,0,0,0,0,0,0,0,0,0,0,0,0,0,0,0,0,0,0,0,0,0,0,0,0,0,0,0,0,0,0,0,0,0,0,0,0,0,0,0,0,0,0,0,0,0,0,0,0]} 1. c4 c6 2. Nf3 d5 3. e3 Nf6 4. Nc3 e6 5. b3 Bd6 6. Bb2 {A11: English Opening: 1...c6} e5 (6... O-O 7. Be2 Nbd7 8. Rc1 a6 9. d4 Re8 10. O-O e5 11. dxe5 Nxe5 12. cxd5 c5 13. Nxe5 Bxe5 14. Bf3 Qd6 15. h3 b5 {1-0 (31) Nepomniachtchi,I (2763)-Saric,I (2695) St Petersburg 2018}) 7. cxd5 cxd5 8. Nb5 Nc6 9. Nxd6+ Qxd6 10. Bb5 {LiveBook: 6 Games} Nd7 11. Rc1 f6 $146 (11... O-O $1 $14) ({Predecessor:} 11... O-O) 12. Qc2 Ndb8 13. O-O O-O 14. Qc5 Qd8 15. e4 a6 16. Bd3 ({Reject} 16. exd5 axb5 17. dxc6 Nxc6 $15) ({Inferior is} 16. Qxd5+ Qxd5 17. exd5 axb5 $17) 16... Be6 17. exd5 Bxd5 18. Nh4 Bf7 {[#]} (18... Rf7 $14) 19. Ba3 ({White should play} 19. Qc2 $1 $16) 19... Re8 $1 $11 20. Bc4 {aiming for Bxf7+.} Qd4 21. Nf5 Qxc5 22. Bxf7+ Kxf7 23. Bxc5 Rd8 24. d4 exd4 25. Rfe1 Nd7 26. Be7 Rdb8 27. f4 Nb6 28. Bd6 Re8 29. Rxe8 Rxe8 (29... Kxe8 {is interesting.} 30. Bc5 Nd5 31. g3 Rd8 32. Rc2 Nc3) 30. Bc5 $1 {[%csl LRb6,LRd4] The position is equal.} Nc8 31. Nxd4 Nxd4 32. Bxd4 {[%mdl 4096] Endgame KRB-KRN} Nd6 33. Kf2 Nf5 34. Bb2 h5 35. h3 h4 36. Rc7+ Re7 37. Rxe7+ Kxe7 {KB-KN} 38. Kf3 Ke6 39. Ba3 Kd5 40. Bb2 b5 41. Bc3 $1 Ke6 42. Ba5 Kd5 43. Bb6 Kc6 44. Ba7 Kd5 45. Bf2 a5 46. Kg4 Ke4 47. a4 bxa4 (47... b4 $5 48. Bb6 $8 Ne3+ 49. Kxh4 Nc4 $11) 48. bxa4 Ne3+ 49. Bxe3 Kxe3 {KP-KP} 50. f5 Ke4 51. Kxh4 {[#] And now g4 would win.} Kxf5 {K3P-K3P} 52. Kh5 Kf4 53. Kg6 Kg3 54. Kxg7 {K3P-KPP} f5 55. Kg6 (55. Kf6 {with more complications.} f4 56. Ke5 Kxg2 57. Kxf4 Kxh3 58. Kf3) 55... Kxg2 {Threatens to win with ...f4.} 56. Kxf5 {Intending h4 and mate.} Kxh3 {KP-KP} 57. Ke5 Kg4 58. Kd5 Kf5 59. Kc5 Ke6 60. Kb5 Kd7 61. Kxa5 Kc8 62. Kb6 Kb8 63. a5 {[%cal Ba4a5,Ba5a6,Ba6a7][%mdl 32]} Ka8 64. a6 Kb8 65. a7+ Ka8 66. Ka6 $2 {[%mdl 8192] Precision: White = 70%, Black = 77%.} (66. Kc7) 1/2-1/2

[Event "3rd Sharjah Masters 2019"]
[Site "Sharjah"]
[Date "2019.03.24"]
[Round "3.7"]
[White "Zubov, Alexander"]
[Black "Nguyen, Anh Khoi"]
[Result "1/2-1/2"]
[WhiteElo "2605"]
[BlackElo "2484"]
[Annotator "TA"]
[PlyCount "103"]
[EventDate "2019.03.22"]
[EventType "swiss"]
[EventCountry "UAE"]
[SourceTitle "playchess.com"]
[Source "ChessBase"]
[SourceQuality "1"]

{[%evp 24,103,0,6,16,27,13,0,4,0,0,0,0,0,11,27,45,0,1,0,0,0,0,0,0,0,0,0,0,0,0,0,-2,-2,-5,-38,-39,-34,-29,-77,-59,-52,-24,-27,-25,-98,-99,-84,-13,-12,0,0,0,0,0,0,0,0,0,0,0,0,-4,-4,0,0,0,-8,0,0,0,0,0,0,0,0,0,0,0,0,0,0]} 1. e4 c5 2. Nf3 d6 3. d4 cxd4 4. Qxd4 Nc6 5. Bb5 Bd7 6. Qd3 g6 7. O-O Bg7 8. c4 Nf6 9. Nc3 O-O 10. h3 a6 11. Bxc6 Bxc6 12. Be3 b5 {B53: Sicilian: 2...d6: Lines with Qxd4} (12... Nd7 13. Nd4 Nc5 14. Qc2 Qa5 15. Rac1 Rac8 16. Rfe1 Ne6 17. Nxe6 fxe6 18. Qb3 Kh8 19. c5 dxc5 20. Qxe6 {1-0 (40) Malakhov,V (2699)-Navara,D (2718) Bol 2014}) 13. cxb5 {LiveBook: 4 Games} axb5 14. Nd4 Qd7 {White has an edge.} 15. a3 $146 ({Predecessor:} 15. Rfc1 Rfc8 16. Nxc6 Qxc6 17. Nd5 Qb7 18. Nb6 Rxc1+ 19. Rxc1 Rb8 20. Qxb5 Nxe4 {1-0 (46) Vazquez,G (2400)-Roach,A (1977) Dallas 2016}) 15... Rab8 16. b4 Rfc8 17. Rac1 Qb7 18. f3 Be8 19. Nb3 Nd7 20. Na5 Ne5 21. Qe2 Qd7 $1 22. Nd5 {Strongly threatening Rxc8.} Rxc1 23. Rxc1 e6 24. Nc7 d5 25. exd5 exd5 26. Bf4 f6 27. Bxe5 fxe5 28. Nxe8 Rxe8 29. Rd1 e4 30. fxe4 Rxe4 31. Qf2 Qe8 (31... Bh6 $5 {[%cal Rh6e3]} 32. Qf1 Be3+ 33. Kh1 Rf4 $17) 32. Nb3 {[#]} d4 $1 {[%mdl 512]} 33. Kf1 (33. Nxd4 Qd7) 33... Qe6 34. Nd2 (34. Nc5 $11 {keeps the balance.} Qc4+ 35. Kg1) 34... Re3 $17 35. Nf3 Rxa3 (35... Qc4+ $17 36. Kg1 Rxa3) 36. Nxd4 $11 {The position is equal.} Qd5 {[#] White must now prevent ...Ra8.} 37. Qe2 Bxd4 38. Qe8+ Kg7 39. Qe7+ Kg8 40. Qe8+ Kg7 {( -> ...Qf5+)} 41. Qe7+ Qf7+ 42. Qxf7+ Kxf7 43. Rxd4 {[%mdl 4096] Endgame KR-KR} Rb3 44. Rd7+ Kg8 45. Rd4 Kf7 46. Rd7+ Kf6 47. Rxh7 Rxb4 48. Kf2 Re4 49. Rb7 Re5 50. Rb6+ Kg5 51. Kf3 Rc5 52. h4+ {Accuracy: White = 74%, Black = 67%.} 1/2-1/2

[Event "3rd Sharjah Masters 2019"]
[Site "Sharjah"]
[Date "2019.03.24"]
[Round "3.8"]
[White "Vokhidov, Shamsiddin"]
[Black "Idani, Pouya"]
[Result "1/2-1/2"]
[WhiteElo "2494"]
[BlackElo "2604"]
[Annotator "TA"]
[PlyCount "73"]
[EventDate "2019.03.22"]
[EventType "swiss"]
[EventCountry "UAE"]
[SourceTitle "playchess.com"]
[Source "ChessBase"]
[SourceQuality "1"]

{[%evp 13,73,41,49,30,16,6,16,26,24,7,12,0,7,22,29,31,24,24,24,24,20,24,24,24,29,11,13,10,12,16,54,52,57,61,52,66,67,62,68,68,62,55,62,48,56,20,24,23,28,30,28,5,7,4,4,4,3,4,4,4,7,2]} 1. e4 Nf6 2. e5 Nd5 3. d4 d6 4. Nf3 g6 5. Bc4 Nb6 6. Bb3 Bg7 7. Qe2 O-O 8. e6 {B04: Alekhine's Defence: 4 Nf3} (8. h3 Nc6 9. O-O dxe5 10. dxe5 Nd4 11. Nxd4 Qxd4 12. Re1 Be6 13. Nd2 Bxb3 14. axb3 a6 15. Nf3 Qd5 16. Bg5 Rfe8 17. Rad1 {1-0 (45) Zhigalko,S (2655)-Tukhaev,A (2564) Minsk 2015}) 8... d5 9. Ng5 Bxe6 10. Nxe6 fxe6 11. Qxe6+ Kh8 12. c3 Qd7 13. Qe2 $146 ({Predecessor:} 13. Qxd7 N8xd7 14. a4 a5 15. Be3 e5 16. dxe5 Bxe5 {½-½ (16) Sarchisov,S (2086)-Sandmeier,T (2216) Baden 2011}) 13... Nc6 {[%cal Bb8c6,Bc6e5,Be5g4,Bg4e3][%mdl 32]} 14. f4 g5 15. O-O gxf4 16. Bxf4 {Black must now prevent Nd2.} e5 17. dxe5 Nxe5 18. Nd2 Rae8 {[#] aiming for ...Ng6.} 19. Bc2 {Strongly threatening Qh5.} Qg4 20. Qxg4 Nxg4 21. Bxc7 d4 {next ...Nd5 is good for Black.} 22. Bxb6 axb6 23. Rxf8+ Rxf8 24. Ne4 Ne3 25. Bd3 dxc3 26. bxc3 Rd8 27. Be2 Rc8 28. Rb1 Nd5 29. c4 Bd4+ $1 30. Kh1 Ne3 $1 31. Nd6 Ra8 32. Nb5 Bc5 {The position is equal.} 33. a3 Rf8 34. Bf3 Nxc4 35. Bxb7 Nxa3 36. Nxa3 {[#] Nc4 is the strong threat.} Bxa3 37. Bf3 {Accuracy: White = 56%, Black = 82%.} 1/2-1/2

[Event "3rd Sharjah Masters 2019"]
[Site "Sharjah"]
[Date "2019.03.24"]
[Round "3.9"]
[White "Gupta, Abhijeet"]
[Black "Vignesh, N R"]
[Result "1/2-1/2"]
[WhiteElo "2602"]
[BlackElo "2476"]
[Annotator "TA"]
[PlyCount "92"]
[EventDate "2019.03.22"]
[EventType "swiss"]
[EventCountry "UAE"]
[SourceTitle "playchess.com"]
[Source "ChessBase"]
[SourceQuality "1"]

{[%evp 20,92,6,0,7,0,0,0,0,0,0,0,7,0,10,0,19,4,22,15,18,22,27,25,21,10,38,26,27,14,14,15,12,0,0,0,0,0,8,0,0,14,4,0,0,0,0,0,0,0,0,0,0,0,0,0,0,0,0,0,0,0,0,0,0,0,0,0,0,0,0,0,0,0,0]} 1. d4 d5 2. c4 e6 3. Nf3 Nf6 4. g3 Bb4+ 5. Bd2 Be7 6. Bg2 O-O 7. O-O c6 8. Qc2 Nbd7 9. Rd1 b6 10. Bf4 Bb7 11. Ne5 Nh5 {E08: Closed Catalan: Main Line: 7 Qc2} (11... Rc8 12. Nc3 Nh5 13. Bc1 Nhf6 14. e4 Bb4 15. Bg5 Qc7 16. Nxd7 Nxd7 17. a3 Bxc3 18. Qxc3 dxc4 19. Bf4 Qd8 20. Bd6 {0-1 (76) Dominguez Perez,L (2739)-Caruana,F (2822) Saint Louis 2018}) 12. Bc1 Nhf6 13. cxd5 cxd5 14. Nc6 Bxc6 15. Qxc6 Rc8 16. Qb5 Nb8 {[%cal Bd7b8,Bb8c6,Bc6a5,Ba5c4][%mdl 32]} 17. Nc3 Nc6 $146 ({Predecessor:} 17... h6 18. Bf4 Nc6 19. Rac1 g5 20. Be3 Na5 21. Bd2 Nc4 22. Rc2 Ne8 {½-½ (22) Antonenko,V (2346)-Bennett,C (2349) ICCF email 2015}) 18. e3 Ne8 19. e4 {[%cal Re4d5]} Nd6 20. Qa4 Nxe4 21. Nxe4 dxe4 22. Bxe4 Na5 23. b4 Nc4 $1 24. Rb1 Bf6 {The position is equal.} 25. b5 ({Worse is} 25. Qxa7 Nd6 $17) 25... Bxd4 26. Be3 Nxe3 27. Rxd4 Nd5 28. Bxd5 exd5 29. Qxa7 Ra8 30. Qb7 Rxa2 31. Rxd5 (31. Qxd5 {feels hotter.} Qf6 32. Rf4 Qe6 33. Qd4 Rc2 34. Re4) 31... Qf6 32. Rf1 Rb2 33. Qd7 Qe6 34. Qxe6 fxe6 $11 {[%mdl 4096] Endgame KRR-KRR} 35. Re5 Rf5 36. Rxe6 Rfxb5 37. Re7 Rf5 38. Kg2 Rf7 39. Re5 b5 40. g4 h6 41. Kg3 g5 42. Re3 Kg7 43. h3 Rd2 44. Rb3 Rd5 45. Rfb1 Rb7 46. h4 h5 {Accuracy: White = 61%, Black = 82%.} 1/2-1/2

[Event "3rd Sharjah Masters 2019"]
[Site "Sharjah"]
[Date "2019.03.24"]
[Round "3.10"]
[White "Nihal, Sarin"]
[Black "El Adnani, Mokliss"]
[Result "1-0"]
[WhiteElo "2578"]
[BlackElo "2455"]
[Annotator "TA"]
[PlyCount "67"]
[EventDate "2019.03.22"]
[EventType "swiss"]
[EventCountry "UAE"]
[SourceTitle "playchess.com"]
[Source "ChessBase"]
[SourceQuality "1"]

{[%evp 12,67,27,14,22,22,18,8,18,24,25,23,18,4,39,7,19,9,18,18,40,18,58,29,112,106,117,85,80,80,81,62,163,127,143,138,144,136,175,110,321,317,354,312,443,322,593,576,542,427,425,448,981,966,1318,1284,6295,1348]} 1. e4 c5 2. Nf3 Nc6 3. Bb5 g6 4. Bxc6 dxc6 5. d3 Bg7 6. h3 Nf6 7. Nc3 Nd7 {B31: Sicilian: 2...Nc6 3 Bb5 g6} 8. Be3 e5 9. Qc1 (9. Qd2 h6 10. O-O b6 11. a3 Nf8 12. b4 Ne6 13. bxc5 f5 14. exf5 gxf5 15. Qe1 O-O 16. Rb1 e4 17. dxe4 {0-1 (36) Wang,H (2730)-Carlsen,M (2835) St Petersburg 2018}) 9... Qe7 {The position is equal.} 10. Bh6 f6 11. Bxg7 Qxg7 12. a4 $146 ({Predecessor:} 12. Qe3 b6 13. Nd2 Nf8 14. f4 exf4 15. Qxf4 {1-0 (49) Tatai,S (2343)-Sprenger,J (2431) Balatonlelle 2003}) 12... a5 13. Nd2 Nf8 14. Nc4 Qc7 15. Qh6 Ne6 16. O-O b6 17. f4 $36 {[%mdl 2048] White fights for an advantage.} Ba6 (17... Nxf4 $11 {remains equal.} 18. Rae1 Be6) 18. f5 $16 Nd4 19. Ne3 O-O-O 20. Rf2 Rhg8 21. Raf1 c4 (21... Kb8 $14) 22. dxc4 $18 Qe7 23. fxg6 Rxg6 24. Qh4 Rdg8 25. Rxf6 ({Better is} 25. Kh1 $18) 25... Qc5 $2 {[#]} (25... Bxc4 $16 {keeps fighting.} 26. Rf8+ (26. Nxc4 Rxg2+ 27. Kh1 Nf3 $11) 26... Kd7 27. Qxe7+ Kxe7) 26. Rxg6 ({But not} 26. Qxh7 $6 R6g7 $18) 26... hxg6 27. Kh2 Bxc4 (27... Rf8 $142 28. Rf6 Kb8) 28. Rf6 Rd8 $2 (28... Be6 29. Ncd1 Re8) 29. Nxc4 {White is clearly winning.} Qxc4 30. Qg4+ Kb8 31. Qxg6 Rg8 (31... Qg8 $142 32. Qxg8 Rxg8) 32. Qh7 Rd8 33. Qe7 {[%mdl 64] Double Attack} Qg8 {[#]} 34. Rf7 {Accuracy: White = 71%, Black = 26%.} (34. Nd5 $142 $1 {[%mdl 512]} Rc8 (34... cxd5 35. Rxb6+) 35. Qxe5+ {[%mdl 64] Double Attack} Ka7 36. Qxd4) 1-0

[Event "3rd Sharjah Masters 2019"]
[Site "Sharjah"]
[Date "2019.03.24"]
[Round "3.11"]
[White "Iniyan, P."]
[Black "Yakubboev, Nodirbek"]
[Result "1/2-1/2"]
[WhiteElo "2487"]
[BlackElo "2569"]
[Annotator "TA"]
[PlyCount "62"]
[EventDate "2019.03.22"]
[EventType "swiss"]
[EventCountry "UAE"]
[SourceTitle "playchess.com"]
[Source "ChessBase"]
[SourceQuality "1"]

{[%evp 19,62,0,0,-7,0,0,0,0,0,-8,97,120,181,188,237,236,242,238,209,70,44,43,110,115,108,110,129,81,291,290,274,62,72,68,63,56,51,43,65,17,12,12,13,0,14]} 1. d4 Nf6 2. c4 e6 3. Nc3 Bb4 4. e3 O-O 5. Bd3 d5 6. Nf3 dxc4 7. Bxc4 c5 8. O-O Nbd7 9. Qb3 a6 10. a4 Qe7 11. Bd2 {E55: Nimzo-Indian: Rubinstein: Main Line: 7...dxc4 8 Bxc4 Nbd7} (11. Rd1 h6 12. h3 Rb8 13. dxc5 Bxc5 14. e4 Bd6 15. Be3 b6 16. Nd4 Bb7 17. f3 Rfc8 18. Qa2 Ne5 19. Bxe6 {0-1 (52) Ponomariov,R (2705)-Leko,P (2755) Moscow 2007}) 11... Rd8 12. Rfd1 Rb8 $146 ({Predecessor:} 12... h6 13. Ne2 Bxd2 14. Rxd2 Rb8 15. Nc3 cxd4 16. Nxd4 Re8 17. a5 Nc5 18. Qb6 Bd7 19. f3 {1-0 (39) Vaisser,A (2555)-Beliavsky,A (2610) Novosibirsk 1993}) 13. dxc5 Bxc5 14. e4 {Threatens to win with e5.} Ng4 (14... Bd6 $11 {remains equal.}) 15. Bg5 $16 Bxf2+ (15... Ndf6 $16) 16. Kh1 $18 f6 17. Bxe6+ {[%mdl 64] Double Attack} Kh8 {Strongly threatening ...Nc5.} 18. Bxg4 fxg5 19. Qd5 (19. Nd5 $18 Qxe4 20. Nc3 (20. Nxg5 Qg6 $18)) 19... Bb6 $1 $14 20. Nxg5 {Hoping for Nf7+.} Nf6 (20... Ne5 $2 21. Qxe5 $1 {[%mdl 512]} Qxe5 22. Rxd8+ Bxd8 23. Nf7+ Kg8 24. Nxe5 $18) (20... Rf8 $1 $14 21. Bxd7 Bxd7) 21. Qb3 $16 Rxd1+ 22. Bxd1 Bc7 23. e5 {Black must now prevent Bc2.} h6 $2 {[#]} (23... g6 $16) 24. Qf7 $1 $18 {[%cal Rf7e7]} ({Not} 24. Nf7+ Kg8 $16) 24... Ng8 {[#]} ({Avoid the trap} 24... Qxe5 $2 25. Qf8+ Ng8 26. Nf7+ Kh7 27. Nxe5 $18) 25. Bb3 $2 (25. Bc2 $1 $18 {Qg6 would kill now.} Qxg5 26. Qxc7) 25... Bd7 $14 26. Qxe7 Nxe7 27. Nf7+ Kh7 28. Rf1 Bc6 29. Nd6 Rd8 $1 {The position is equal.} 30. Bc2+ Kg8 31. Bb3+ Kh7 {Accuracy: White = 49%, Black = 40%.} 1/2-1/2